[Event "EYCC 2024 - O16"]
[Site "?"]
[Date "2024.08.26"]
[Round "5.9"]
[White "Lyakh, Vasiliy"]
[Black "Berin, Artem"]
[Result "1/2-1/2"]
[BlackElo "2237"]
[WhiteElo "2115"]
[LiveChessVersion "1.4.8"]

1. Nf3 {[%clk 1:30:57]} d5 {[%clk 1:30:36]} 2. g3 {[%clk 1:31:22]} Nf6
{[%clk 1:30:35]} 3. Bg2 {[%clk 1:31:50]} e6 {[%clk 1:30:50]} 4. d4
{[%clk 1:32:15]} c5 {[%clk 1:28:35]} 5. c4 {[%clk 1:31:20]} cxd4 {[%clk 1:25:14]}
6. cxd5 {[%clk 1:31:44]} Nxd5 {[%clk 1:24:59]} 7. Nxd4 {[%clk 1:31:23]} Be7
{[%clk 1:24:46]} 8. O-O {[%clk 1:31:31]} O-O {[%clk 1:25:10]} 9. Qb3
{[%clk 1:13:48]} Na6 {[%clk 1:17:30]} 10. Rd1 {[%clk 1:06:33]} Nc5
{[%clk 1:16:33]} 11. Qc4 {[%clk 1:06:42]} Nb6 {[%clk 1:13:40]} 12. Qc2
{[%clk 1:06:28]} Bd7 {[%clk 1:12:30]} 13. Nc3 {[%clk 1:06:04]} Rc8
{[%clk 1:10:39]} 14. Nb3 {[%clk 1:03:30]} Qc7 {[%clk 1:05:53]} 15. Nxc5
{[%clk 1:00:44]} Bxc5 {[%clk 1:05:43]} 16. Qb3 {[%clk 0:59:04]} a6
{[%clk 1:02:52]} 17. a4 {[%clk 0:50:46]} Bc6 {[%clk 0:59:19]} 18. Bxc6
{[%clk 0:48:21]} Qxc6 {[%clk 0:59:43]} 19. Bf4 {[%clk 0:48:36]} Nc4
{[%clk 0:54:02]} 20. Rac1 {[%clk 0:39:09]} Na5 {[%clk 0:40:53]} 21. Qa2
{[%clk 0:30:14]} Qb6 {[%clk 0:36:52]} 22. Ne4 {[%clk 0:22:31]} Be7
{[%clk 0:33:33]} 23. Rxc8 {[%clk 0:14:56]} Rxc8 {[%clk 0:33:56]} 24. Rd7
{[%clk 0:15:24]} Qb4 {[%clk 0:26:16]} 25. Qb1 {[%clk 0:15:48]} Nc6
{[%clk 0:23:09]} 26. Bg5 {[%clk 0:11:16]} Bf8 {[%clk 0:16:02]} 27. Bd2
{[%clk 0:11:11]} Qc4 {[%clk 0:13:57]} 28. Ng5 {[%clk 0:11:09]} f5
{[%clk 0:14:21]} 29. Qd3 {[%clk 0:07:37]} Qxd3 {[%clk 0:11:40]} 30. exd3
{[%clk 0:08:06]} b5 {[%clk 0:04:37]} 31. axb5 {[%clk 0:07:27]} axb5
{[%clk 0:05:06]} 32. Rb7 {[%clk 0:05:47]} Nd4 {[%clk 0:03:47]} 33. Be3
{[%clk 0:05:41]} h6 {[%clk 0:03:46]} 34. Bxd4 {[%clk 0:03:28]} hxg5
{[%clk 0:04:11]} 35. Rxb5 {[%clk 0:03:15]} Rd8 {[%clk 0:03:21]} 36. Be3
{[%clk 0:03:44]} f4 {[%clk 0:03:37]} 37. gxf4 {[%clk 0:03:53]} gxf4
{[%clk 0:04:02]} 38. Bxf4 {[%clk 0:04:19]} Rxd3 {[%clk 0:04:18]} 39. Rb7
{[%clk 0:04:25]} Rd5 {[%clk 0:02:30]} 40. Kg2 {[%clk 0:03:25]} Rf5
{[%clk 0:01:26]} 41. Be3 {[%clk 0:03:49]} Bd6 {[%clk 0:01:04]} 42. b4
{[%clk 0:03:47]} g5 {[%clk 0:01:04]} 43. h3 {[%clk 0:02:59]} Kf8 {[%clk 0:00:48]}
44. Kf1 {[%clk 0:00:44]} Ke8 {[%clk 0:00:42]} 45. Kg2 {[%clk 0:00:38]} Kd8
{[%clk 0:00:43]} 46. b5 {[%clk 0:00:39]} Kc8 {[%clk 0:00:50]} 47. Rg7
{[%clk 0:00:52]} Rxb5 {[%clk 0:01:00]} 48. Bxg5 {[%clk 0:00:55]} Be5
{[%clk 0:01:10]} 49. Rf7 {[%clk 0:00:55]} Bd4 {[%clk 0:01:07]} 50. h4
{[%clk 0:00:59]} Rf5 {[%clk 0:00:53]} 51. Rxf5 {[%clk 0:01:03]} exf5
{[%clk 0:01:22]} 52. Be3 {[%clk 0:01:05]} Be5 {[%clk 0:01:42]} 53. Kh3
{[%clk 0:00:59]} Kd7 {[%clk 0:02:03]} 54. Bg5 {[%clk 0:01:12]} Ke6
{[%clk 0:02:10]} 55. h5 {[%clk 0:01:37]} Kf7 {[%clk 0:02:31]} 56. Kh4
{[%clk 0:01:36]} Bd4 {[%clk 0:02:56]} 57. Be3 {[%clk 0:01:59]} Bf6+
{[%clk 0:03:20]} 58. Kg3 {[%clk 0:02:23]} Be5+ {[%clk 0:03:45]} 59. Bf4
{[%clk 0:02:18]} Bd4 {[%clk 0:04:10]} 60. Bg5 {[%clk 0:02:40]} Be5+
{[%clk 0:04:34]} 61. Kf3 {[%clk 0:03:09]} Bd6 {[%clk 0:04:41]} 62. Bf4
{[%clk 0:03:07]} Bc5 {[%clk 0:05:01]} 63. Be5 {[%clk 0:03:31]} Kg8
{[%clk 0:04:43]} 64. Kg3 {[%clk 0:02:28]} Kh7 {[%clk 0:05:04]} 65. Bf4
{[%clk 0:02:57]} Be7 {[%clk 0:05:22]} 66. Be3 {[%clk 0:03:04]} Bd6+
{[%clk 0:05:39]} 67. Kh4 {[%clk 0:03:30]} Be7+ {[%clk 0:05:31]} 68. Bg5
{[%clk 0:03:59]} Bc5 {[%clk 0:05:44]} 69. f3 {[%clk 0:04:28]} Bd6
{[%clk 0:05:45]} 70. Kh3 {[%clk 0:04:46]} Kg7 {[%clk 0:05:49]} 71. Kg2
{[%clk 0:05:10]} Be5 {[%clk 0:05:48]} 72. Kf2 {[%clk 0:05:35]} Bd4+
{[%clk 0:05:41]} 73. Ke2 {[%clk 0:05:51]} Kf7 {[%clk 0:05:40]} 74. Kd3
{[%clk 0:06:16]} Be5 {[%clk 0:06:01]} 75. Kc4 {[%clk 0:06:41]} Ke6
{[%clk 0:05:51]} 76. Be3 {[%clk 0:06:58]} Kf7 {[%clk 0:03:58]} 77. Kd5
{[%clk 0:07:18]} Bf6 {[%clk 0:03:39]} 78. Bd4 {[%clk 0:06:55]} Bg5
{[%clk 0:03:50]} 79. Be5 {[%clk 0:06:30]} Be7 {[%clk 0:03:48]} 80. Bh8
{[%clk 0:05:14]} Ba3 {[%clk 0:03:51]} 81. Bc3 {[%clk 0:04:30]} Be7
{[%clk 0:04:11]} 82. Be5 {[%clk 0:04:23]} Bb4 {[%clk 0:04:12]} 83. Kc6
{[%clk 0:04:29]} Ba3 {[%clk 0:04:19]} 84. Kd7 {[%clk 0:04:53]} Bb4
{[%clk 0:04:31]} 85. Kc6 {[%clk 0:04:48]} Ba3 {[%clk 0:04:53]} 86. Kd5
{[%clk 0:05:15]} Bb4 {[%clk 0:05:18]} 87. Bf4 {[%clk 0:05:42]} Bc3
{[%clk 0:05:38]} 88. Be3 {[%clk 0:06:01]} Bf6 {[%clk 0:05:48]} 89. f4
{[%clk 0:05:52]} Bg7 {[%clk 0:05:57]} 90. Kd6 {[%clk 0:05:55]} Bf6
{[%clk 0:06:16]} 91. Kd5 {[%clk 0:05:53]} Bg7 {[%clk 0:06:36]} 92. Bd4
{[%clk 0:06:22]} Bf8 {[%clk 0:06:49]} 93. Be5 {[%clk 0:06:47]} Bb4
{[%clk 0:06:49]} 94. Bd4 {[%clk 0:06:42]} Bf8 {[%clk 0:07:11]} 95. Bh8
{[%clk 0:06:51]} Bb4 {[%clk 0:07:33]} 96. Bb2 {[%clk 0:06:52]} Be7
{[%clk 0:07:53]} 97. Bc1 {[%clk 0:06:30]} Bf6 {[%clk 0:08:16]} 98. Be3
{[%clk 0:06:34]} Bg7 {[%clk 0:08:35]} 99. Bd4 {[%clk 0:06:19]} Bf8
{[%clk 0:08:59]} 100. Bc3 {[%clk 0:06:32]} Bh6 {[%clk 0:09:17]} 101. Bd2
{[%clk 0:06:36]} Bg7 {[%clk 0:09:41]} 102. Ba5 {[%clk 0:06:58]} Bf6
{[%clk 0:09:53]} 103. Bc7 {[%clk 0:07:16]} Bg7 {[%clk 0:10:15]} 104. Be5
{[%clk 0:07:19]} Bf8 {[%clk 0:10:38]} 105. Bh8 {[%clk 0:07:45]} Bb4
{[%clk 0:11:02]} 106. Ba1 {[%clk 0:07:18]} Bf8 {[%clk 0:11:26]} 107. Bc3
{[%clk 0:07:26]} Be7 {[%clk 0:11:48]} 108. Be1 {[%clk 0:05:58]} Bf6
{[%clk 0:12:09]} 109. Bf2 {[%clk 0:06:21]} Bg7 {[%clk 0:12:27]} 110. Bh4
{[%clk 0:06:10]} Bc3 {[%clk 0:12:46]} 111. Bg5 {[%clk 0:06:31]} Bb2
{[%clk 0:13:05]} 112. h6 {[%clk 0:06:47]} Kg6 {[%clk 0:13:30]} 113. Ke6
{[%clk 0:07:13]} Ba3 {[%clk 0:13:42]} 114. Kd7 {[%clk 0:06:41]} Bb4
{[%clk 0:14:04]} 115. Ke8 {[%clk 0:06:39]} Ba3 {[%clk 0:14:26]} 116. Kd7
{[%clk 0:06:39]} Bb4 {[%clk 0:14:49]} 117. Ke6 {[%clk 0:07:03]} Ba3
{[%clk 0:15:14]} 118. Ke5 {[%clk 0:07:01]} Bb2+ {[%clk 0:15:35]} 119. Ke6
{[%clk 0:07:24]} Ba3 {[%clk 0:16:02]} 1/2-1/2

[Event "EYCC 2024 - O16"]
[Site "?"]
[Date "2024.08.26"]
[Round "5.10"]
[White "Liu, Jason"]
[Black "Medovoy, Yaniv"]
[Result "1-0"]
[BlackElo "2145"]
[WhiteElo "2223"]
[LiveChessVersion "1.4.8"]

1. e4 {[%clk 1:30:57]} c5 {[%clk 1:30:54]} 2. Nf3 {[%clk 1:31:20]} d6
{[%clk 1:31:18]} 3. d4 {[%clk 1:31:40]} cxd4 {[%clk 1:31:42]} 4. Nxd4
{[%clk 1:32:05]} Nf6 {[%clk 1:32:05]} 5. Nc3 {[%clk 1:32:24]} a6 {[%clk 1:32:30]}
6. Be2 {[%clk 1:32:37]} e5 {[%clk 1:32:51]} 7. Nb3 {[%clk 1:33:01]} Be6
{[%clk 1:32:58]} 8. Be3 {[%clk 1:33:00]} Be7 {[%clk 1:33:11]} 9. Nd5
{[%clk 1:32:23]} Nxd5 {[%clk 1:31:59]} 10. exd5 {[%clk 1:32:45]} Bf5
{[%clk 1:32:25]} 11. c4 {[%clk 1:30:46]} O-O {[%clk 1:32:00]} 12. O-O
{[%clk 1:29:51]} Nd7 {[%clk 1:31:02]} 13. Qd2 {[%clk 1:27:38]} Rc8
{[%clk 1:25:25]} 14. Na5 {[%clk 1:24:43]} Qc7 {[%clk 1:21:57]} 15. b4
{[%clk 1:22:21]} h6 {[%clk 1:18:28]} 16. Rac1 {[%clk 1:17:57]} Bh7
{[%clk 1:06:05]} 17. Rfd1 {[%clk 1:04:49]} f5 {[%clk 1:05:51]} 18. c5
{[%clk 0:48:27]} f4 {[%clk 1:05:13]} 19. cxd6 {[%clk 0:48:35]} Qxd6
{[%clk 0:45:24]} 20. Bc5 {[%clk 0:46:49]} Nxc5 {[%clk 0:44:14]} 21. bxc5
{[%clk 0:47:08]} Rxc5 {[%clk 0:44:16]} 22. Nxb7 {[%clk 0:31:44]} Qb6
{[%clk 0:44:40]} 23. Nxc5 {[%clk 0:30:20]} Bxc5 {[%clk 0:44:14]} 24. Bg4
{[%clk 0:25:33]} e4 {[%clk 0:39:23]} 25. d6 {[%clk 0:22:55]} Kh8 {[%clk 0:35:06]}
26. d7 {[%clk 0:19:50]} Rd8 {[%clk 0:33:30]} 27. Qxf4 {[%clk 0:17:26]} e3
{[%clk 0:33:44]} 28. Rxc5 1-0

[Event "EYCC 2024 - O16"]
[Site "?"]
[Date "2024.08.26"]
[Round "5.11"]
[White "Tsarsitalidis, Christos"]
[Black "Szakmary, Domonkos"]
[Result "1-0"]
[BlackElo "2139"]
[WhiteElo "2210"]
[LiveChessVersion "1.4.8"]

1. e4 {[%clk 1:30:58]} c5 {[%clk 1:30:56]} 2. Nf3 {[%clk 1:31:24]} e6
{[%clk 1:31:20]} 3. b3 {[%clk 1:25:13]} b6 {[%clk 1:30:49]} 4. Bb2
{[%clk 1:24:16]} Bb7 {[%clk 1:30:38]} 5. Nc3 {[%clk 1:23:45]} Nc6
{[%clk 1:28:15]} 6. Be2 {[%clk 1:16:22]} d5 {[%clk 1:18:41]} 7. exd5
{[%clk 1:16:21]} exd5 {[%clk 1:19:04]} 8. d4 {[%clk 1:15:43]} Nf6
{[%clk 1:17:49]} 9. O-O {[%clk 1:15:31]} Be7 {[%clk 1:16:50]} 10. Na4
{[%clk 0:52:24]} O-O {[%clk 1:13:53]} 11. dxc5 {[%clk 0:50:56]} bxc5
{[%clk 1:11:25]} 12. Rc1 {[%clk 0:50:34]} Ne4 {[%clk 1:06:13]} 13. Bd3
{[%clk 0:49:07]} Re8 {[%clk 1:03:55]} 14. Re1 {[%clk 0:44:34]} Bf8
{[%clk 1:01:32]} 15. Nd2 {[%clk 0:41:35]} Ng5 {[%clk 0:38:14]} 16. Rxe8
{[%clk 0:38:17]} Qxe8 {[%clk 0:38:17]} 17. Qg4 {[%clk 0:38:00]} h6
{[%clk 0:32:22]} 18. h4 {[%clk 0:37:16]} Ne6 {[%clk 0:32:02]} 19. Re1
{[%clk 0:35:43]} Bc8 {[%clk 0:24:32]} 20. Qf5 {[%clk 0:31:52]} g6
{[%clk 0:23:07]} 21. Qxd5 {[%clk 0:31:30]} Bd7 {[%clk 0:23:18]} 22. Ne4
{[%clk 0:30:11]} Be7 {[%clk 0:23:16]} 23. Nexc5 {[%clk 0:27:38]} Rd8
{[%clk 0:22:56]} 24. Nxd7 {[%clk 0:27:58]} Qxd7 {[%clk 0:23:21]} 25. Qxd7
{[%clk 0:28:22]} 1-0

[Event "EYCC 2024 - O16"]
[Site "?"]
[Date "2024.08.26"]
[Round "5.12"]
[White "Artemov, Andriy"]
[Black "Farias, David Nuno M E"]
[Result "1-0"]
[BlackElo "2206"]
[WhiteElo "2096"]
[LiveChessVersion "1.4.8"]

1. e4 {[%clk 1:30:58]} c5 {[%clk 1:30:42]} 2. Nf3 {[%clk 1:31:20]} Nc6
{[%clk 1:30:39]} 3. Bb5 {[%clk 1:30:22]} e6 {[%clk 1:30:13]} 4. O-O
{[%clk 1:29:42]} Nge7 {[%clk 1:30:08]} 5. Re1 {[%clk 1:28:37]} b6
{[%clk 1:29:14]} 6. c3 {[%clk 1:26:11]} a6 {[%clk 1:29:26]} 7. Bf1
{[%clk 1:26:17]} d5 {[%clk 1:28:50]} 8. e5 {[%clk 1:18:49]} Nf5 {[%clk 1:05:26]}
9. d4 {[%clk 1:03:21]} b5 {[%clk 0:54:09]} 10. Na3 {[%clk 0:54:34]} cxd4
{[%clk 0:51:01]} 11. cxd4 {[%clk 0:54:52]} Bb4 {[%clk 0:50:14]} 12. Bd2
{[%clk 0:53:42]} Be7 {[%clk 0:50:30]} 13. Nc2 {[%clk 0:52:41]} Qb6
{[%clk 0:45:43]} 14. Rc1 {[%clk 0:47:24]} Bd7 {[%clk 0:35:02]} 15. g3
{[%clk 0:40:57]} h6 {[%clk 0:33:19]} 16. Bh3 {[%clk 0:39:08]} g6 {[%clk 0:28:54]}
17. g4 {[%clk 0:31:27]} Nh4 {[%clk 0:18:54]} 18. Nxh4 {[%clk 0:31:45]} Bxh4
{[%clk 0:19:22]} 19. Rf1 {[%clk 0:32:00]} Be7 {[%clk 0:18:22]} 20. Be3
{[%clk 0:30:22]} h5 {[%clk 0:17:34]} 21. g5 {[%clk 0:30:16]} Kf8 {[%clk 0:14:55]}
22. Ne1 {[%clk 0:30:27]} Na5 {[%clk 0:08:29]} 23. b3 {[%clk 0:29:57]} b4
{[%clk 0:07:20]} 24. Ng2 {[%clk 0:29:07]} Kg7 {[%clk 0:07:22]} 25. Nf4
{[%clk 0:28:16]} Bb5 {[%clk 0:06:20]} 26. Re1 {[%clk 0:27:42]} Qb7
{[%clk 0:05:19]} 27. Bxe6 {[%clk 0:25:14]} fxe6 {[%clk 0:03:29]} 28. Rc7
{[%clk 0:25:00]} Bd7 {[%clk 0:03:08]} 29. Rxb7 {[%clk 0:25:18]} Nxb7
{[%clk 0:03:17]} 30. Qc2 {[%clk 0:25:37]} Be8 {[%clk 0:02:57]} 31. Qc7
{[%clk 0:25:52]} 1-0

[Event "EYCC 2024 - O16"]
[Site "?"]
[Date "2024.08.26"]
[Round "5.13"]
[White "Venkatesan, Kavin"]
[Black "Navoyan, Gagik"]
[Result "1-0"]
[BlackElo "2125"]
[WhiteElo "2202"]
[LiveChessVersion "1.4.8"]

1. d4 {[%clk 1:30:57]} Nf6 {[%clk 1:30:53]} 2. c4 {[%clk 1:31:21]} e6
{[%clk 1:31:21]} 3. Nc3 {[%clk 1:31:46]} Bb4 {[%clk 1:31:46]} 4. f3
{[%clk 1:32:11]} c5 {[%clk 1:31:19]} 5. a3 {[%clk 1:32:37]} Bxc3+
{[%clk 1:31:04]} 6. bxc3 {[%clk 1:33:01]} Nc6 {[%clk 1:28:25]} 7. e4
{[%clk 1:32:10]} d6 {[%clk 1:27:35]} 8. Ne2 {[%clk 1:32:14]} O-O {[%clk 1:26:50]}
9. Bg5 {[%clk 1:32:33]} e5 {[%clk 1:22:22]} 10. d5 {[%clk 1:30:02]} Na5
{[%clk 1:22:29]} 11. Ng3 {[%clk 1:29:13]} h6 {[%clk 1:22:26]} 12. Be3
{[%clk 1:29:09]} b6 {[%clk 1:22:46]} 13. Bd3 {[%clk 1:27:59]} Ba6
{[%clk 1:06:08]} 14. Qe2 {[%clk 1:26:53]} Qd7 {[%clk 1:01:43]} 15. a4
{[%clk 1:21:03]} Kh7 {[%clk 0:56:26]} 16. Nf5 {[%clk 1:14:57]} Ng8
{[%clk 0:32:10]} 17. O-O {[%clk 1:11:30]} Ne7 {[%clk 0:30:32]} 18. Nxe7
{[%clk 0:56:58]} Qxe7 {[%clk 0:29:48]} 19. f4 {[%clk 0:56:16]} f5
{[%clk 0:12:10]} 20. fxe5 {[%clk 0:45:08]} dxe5 {[%clk 0:03:07]} 21. exf5
{[%clk 0:41:17]} Qf6 {[%clk 0:02:36]} 22. Qg4 {[%clk 0:36:59]} Rae8
{[%clk 0:02:29]} 23. Bf2 {[%clk 0:25:12]} e4 {[%clk 0:00:52]} 24. Bh4
{[%clk 0:19:46]} Qxc3 {[%clk 0:00:51]} 25. Qg6+ {[%clk 0:19:33]} Kg8
{[%clk 0:01:13]} 26. f6 {[%clk 0:18:24]} Qd4+ {[%clk 0:00:59]} 27. Kh1
{[%clk 0:18:33]} Rf7 {[%clk 0:01:06]} 28. fxg7 {[%clk 0:16:56]} Qxg7
{[%clk 0:01:09]} 29. Bxe4 {[%clk 0:16:08]} Ref8 {[%clk 0:01:08]} 30. Rxf7
{[%clk 0:12:13]} Rxf7 {[%clk 0:01:28]} 31. Rd1 {[%clk 0:11:03]} Qxg6
{[%clk 0:00:36]} 32. Bxg6 {[%clk 0:11:15]} Rf4 {[%clk 0:00:56]} 33. Bg3
{[%clk 0:10:43]} Rf6 {[%clk 0:01:16]} 34. Be4 {[%clk 0:10:18]} Bxc4
{[%clk 0:01:38]} 35. d6 {[%clk 0:09:17]} Be6 {[%clk 0:02:00]} 36. h3
{[%clk 0:09:33]} Bd7 {[%clk 0:02:22]} 37. Be5 {[%clk 0:07:49]} Rf2
{[%clk 0:01:34]} 38. Kg1 {[%clk 0:07:57]} Re2 {[%clk 0:02:02]} 39. Bd5+
{[%clk 0:08:17]} Kh7 {[%clk 0:02:08]} 40. Bc3 {[%clk 0:08:35]} Bxa4
{[%clk 0:00:45]} 41. Rf1 {[%clk 0:08:01]} Kg6 {[%clk 0:00:34]} 42. Rf6+
{[%clk 0:06:54]} Kg5 {[%clk 0:00:57]} 43. Rf7 {[%clk 0:06:43]} Rc2
{[%clk 0:00:35]} 44. Bxa5 {[%clk 0:04:27]} Rc1+ {[%clk 0:00:38]} 45. Kf2
{[%clk 0:04:17]} Rd1 {[%clk 0:00:39]} 46. Bf3 {[%clk 0:04:10]} Rxd6
{[%clk 0:01:03]} 47. Bc3 {[%clk 0:04:22]} Bc6 {[%clk 0:01:06]} 48. Bxc6
{[%clk 0:04:07]} Rxc6 {[%clk 0:01:35]} 49. Rxa7 {[%clk 0:04:29]} Kf4
{[%clk 0:01:17]} 50. Ra4+ {[%clk 0:04:31]} Kf5 {[%clk 0:01:42]} 51. g4+
{[%clk 0:03:48]} Ke6 {[%clk 0:02:07]} 52. Rf4 {[%clk 0:03:50]} Ke7
{[%clk 0:02:17]} 53. Ke3 {[%clk 0:03:36]} b5 {[%clk 0:02:46]} 54. Kd3 1-0

[Event "EYCC 2024 - O16"]
[Site "?"]
[Date "2024.08.26"]
[Round "5.14"]
[White "Kiladze, Luka"]
[Black "Hartofylakas, Spyros"]
[Result "1-0"]
[BlackElo "2117"]
[WhiteElo "2193"]
[LiveChessVersion "1.4.8"]

1. d4 {[%clk 1:30:57]} Nf6 {[%clk 1:30:53]} 2. Nf3 {[%clk 1:31:23]} e6
{[%clk 1:30:56]} 3. Bf4 {[%clk 1:31:49]} c5 {[%clk 1:30:57]} 4. e3
{[%clk 1:32:13]} Nc6 {[%clk 1:31:14]} 5. Nbd2 {[%clk 1:31:24]} d5
{[%clk 1:29:11]} 6. c3 {[%clk 1:31:51]} Nh5 {[%clk 1:29:27]} 7. Bg5
{[%clk 1:32:08]} f6 {[%clk 1:26:42]} 8. Bh4 {[%clk 1:32:28]} g6 {[%clk 1:26:50]}
9. Bd3 {[%clk 1:32:29]} Be7 {[%clk 1:24:53]} 10. O-O {[%clk 1:27:51]} O-O
{[%clk 1:20:59]} 11. dxc5 {[%clk 1:22:39]} e5 {[%clk 1:14:37]} 12. e4
{[%clk 1:17:17]} Kh8 {[%clk 1:10:55]} 13. Nb3 {[%clk 1:01:57]} a5
{[%clk 1:04:08]} 14. a4 {[%clk 0:52:51]} Bg4 {[%clk 1:00:37]} 15. exd5
{[%clk 0:45:01]} Qxd5 {[%clk 1:00:56]} 16. Be2 {[%clk 0:43:50]} Qg8
{[%clk 0:59:15]} 17. Nfd2 {[%clk 0:42:27]} Be6 {[%clk 0:53:32]} 18. Bxh5
{[%clk 0:34:59]} gxh5 {[%clk 0:51:57]} 19. f3 {[%clk 0:27:42]} Rad8
{[%clk 0:43:29]} 20. Qc2 {[%clk 0:27:24]} Rd7 {[%clk 0:43:00]} 21. Rae1
{[%clk 0:24:57]} Bd8 {[%clk 0:34:47]} 22. Kh1 {[%clk 0:17:46]} Ne7
{[%clk 0:34:06]} 23. c6 {[%clk 0:16:11]} Bf5 {[%clk 0:29:23]} 24. Ne4
{[%clk 0:14:58]} Nxc6 {[%clk 0:29:39]} 25. Nbc5 {[%clk 0:13:08]} Rg7
{[%clk 0:29:52]} 26. Qe2 {[%clk 0:12:52]} b6 {[%clk 0:29:24]} 27. Nd3
{[%clk 0:13:20]} Qc4 {[%clk 0:27:32]} 28. Ndf2 {[%clk 0:09:27]} Qxa4
{[%clk 0:25:35]} 29. Ra1 {[%clk 0:08:53]} Qb3 {[%clk 0:26:00]} 30. Ng3
{[%clk 0:08:45]} Be6 {[%clk 0:25:00]} 31. Rfd1 {[%clk 0:08:14]} Be7
{[%clk 0:23:35]} 32. Nxh5 {[%clk 0:08:13]} Rg6 {[%clk 0:23:55]} 33. Ng4
{[%clk 0:06:19]} Rf7 {[%clk 0:15:04]} 34. h3 {[%clk 0:04:53]} Bc4
{[%clk 0:11:32]} 35. Qe3 {[%clk 0:03:38]} Bc5 {[%clk 0:11:07]} 36. Qd2
{[%clk 0:04:07]} Be7 {[%clk 0:09:38]} 37. Qd7 {[%clk 0:02:47]} f5
{[%clk 0:08:38]} 38. Bxe7 {[%clk 0:02:31]} Rxe7 {[%clk 0:08:25]} 39. Qxf5
{[%clk 0:02:10]} Re8 {[%clk 0:07:18]} 40. Rd2 {[%clk 0:01:56]} Be6
{[%clk 0:07:14]} 41. Qe4 {[%clk 0:02:21]} Qc4 {[%clk 0:06:23]} 42. Qxc4
{[%clk 0:02:18]} Bxc4 {[%clk 0:06:52]} 43. Nhf6 {[%clk 0:02:27]} Re7
{[%clk 0:06:42]} 44. Rd6 {[%clk 0:02:18]} Re6 {[%clk 0:06:43]} 45. Rad1
{[%clk 0:02:17]} Kg7 46. Rxe6 {[%clk 0:01:55]} Bxe6 {[%clk 0:07:34]} 47. Ne4
{[%clk 0:01:51]} Kf7 {[%clk 0:07:37]} 48. Kg1 {[%clk 0:00:55]} Ke7
{[%clk 0:07:59]} 49. Kf2 {[%clk 0:01:09]} a4 {[%clk 0:07:42]} 50. Ne3
{[%clk 0:01:36]} Na5 {[%clk 0:07:40]} 51. Rd6 {[%clk 0:01:40]} Bf7
{[%clk 0:07:49]} 52. Nf5+ {[%clk 0:01:31]} Kf8 {[%clk 0:07:31]} 53. Rd8+
{[%clk 0:01:52]} Be8 {[%clk 0:08:00]} 54. Nfd6 {[%clk 0:01:39]} Re6
{[%clk 0:08:29]} 55. Rc8 {[%clk 0:01:42]} Nb3 {[%clk 0:08:29]} 56. g4
{[%clk 0:01:47]} Nc5 {[%clk 0:07:52]} 57. Rxe8+ Rxe8 {[%clk 0:08:21]} 58. Nxe8
{[%clk 0:02:12]} Nd3+ {[%clk 0:08:47]} 59. Ke2 {[%clk 0:01:51]} Nxb2
{[%clk 0:09:12]} 60. N8d6 {[%clk 0:02:06]} 1-0